000 00570pab a2200205 454500
008 180718b2010 xxu||||| |||| 00| 0 eng d
100 _aSingh, Jatinder
245 _aConcentration in India's manufacturing industry: impact of investment liberalization
260 _c2010
300 _ap.55-66.
362 _aSep
650 _aInvestment
650 _aIndian investment
650 _aLiberalization - India
650 _aIndia - Manufacturing industries
650 _aManufacturing industry
773 _aMan and Development
908 _aN
909 _a89339
999 _c89339
_d89339